000 00778nam a2200229 a 4500
001 48786
003 BD-RjUL
005 20211209054602.0
008 160816s1976 bg 000 p ben d
020 _c : Tk. 7.00
035 _a(BD-RjUL)48905
040 _aBD-RjUL
_cBD-RjUL
_dBD-RjUL
_bben
041 _aben
082 0 4 _223
_a891.441
_bSAA 1976
100 1 0 _aসাত্তার, আবদুস
_9147128
245 1 0 _aআমার ঘর নিজের বাড়ী /
_cআবদুস সাত্তার
260 _aঢাকা :
_bচিত্তরঞ্জন সাহা,
_c১৯৭৬
300 _a৫৫ পৃ. ;
_c২১ সেমি.
650 0 _aবাংলা কবিতা
_99451
650 0 _aBengali poetry
_9117526
942 _2ddc
_cBK
999 _c48786
_d48786